Sustainable Building Adaptation Innovations In Decision Making (Record no. 15928)
[ view plain ]
| 000 -LEADER | |
|---|---|
| fixed length control field | 00401nam a2200145Ia 4500 |
| 008 - FIXED-LENGTH DATA ELEMENTS--GENERAL INFORMATION | |
| fixed length control field | 220803s9999 xx 000 0 und d |
| 020 ## - INTERNATIONAL STANDARD BOOK NUMBER | |
| International Standard Book Number | 9781118477106 |
| 041 ## - LANGUAGE CODE | |
| Language code of text/sound track or separate title | eng |
| 082 ## - DEWEY DECIMAL CLASSIFICATION NUMBER | |
| Classification number | 690.028'6 WIL |
| 100 ## - MAIN ENTRY--PERSONAL NAME | |
| Personal name | Wilkinson S |
| 9 (RLIN) | 25058 |
| 245 ## - TITLE STATEMENT | |
| Title | Sustainable Building Adaptation Innovations In Decision Making |
| 260 ## - PUBLICATION, DISTRIBUTION, ETC. (IMPRINT) | |
| Place of publication, distribution, etc. | United Kingdom |
| Name of publisher, distributor, etc. | Wiley Publication |
| Date of publication, distribution, etc. | 2014 |
| 300 ## - PHYSICAL DESCRIPTION | |
| Extent | 278p |
| 500 ## - GENERAL NOTE | |
| Keywords | ENVIR |
| Withdrawn status | Lost status | Damaged status | Not for loan | Collection code | Home library | Current library | Date acquired | Vendor | Cost, normal purchase price | Full call number | Barcode | Date last seen | Cost, replacement price | Bill Date | Koha item type | Original Barcode |
|---|---|---|---|---|---|---|---|---|---|---|---|---|---|---|---|---|
| Reference | Book of M Arch EA | Dr. Bhanuben Nanavati College of Architecture | Dr. Bhanuben Nanavati College of Architecture | 11/09/2015 | Technical Book Source | 5824.28 | 720.4 WIL | BNCA-BK-9524 | 03/08/2022 | 5824.28 | 11/08/2015 | Reference book | B09524 |